| 000 | 00350 a2200133 4500 | ||
|---|---|---|---|
| 999 |
_c324855 _d324855 |
||
| 001 | 89782 | ||
| 003 | NUST | ||
| 082 | _a570.92 DAW | ||
| 100 |
_aDawkins Richard _99823 |
||
| 245 |
_aAn appetite for wonder _bThe making of a scientist ; a memoir |
||
| 260 |
_aLondon _bBantam Press _c2013 |
||
| 300 | _ax, 310p. | ||
| 500 | _aGeneral Books | ||
| 942 |
_aCAE NUST _cBK _k570.92 DAW _2ddc |
||